Vzťahy ČĽR so štátmi Latinskej Ameriky bakalárska práca

Na minha lista:
Detalhes bibliográficos
Autor principal: Do Thuy, Linh
Autor Corporativo: Fakulta medzinárodných vzťahov EU. Katedra medzinárodných politických vzťahov
Outros Autores: Ondriaš, Juraj, 1988-
Formato: Livro
Idioma:eslovaco
Publicado em: Bratislava 2016
Tags: Adicionar Tag
Sem tags, seja o primeiro a adicionar uma tag!

MARC

LEADER 00000nbm a2200000 4500
001 0221488
005 20170131123248.3
041 0 |a slo 
044 |a SK 
245 1 0 |a Vzťahy ČĽR so štátmi Latinskej Ameriky  |b bakalárska práca  |c Linh Do Thuy ; školiteľ: Juraj Ondriaš 
264 1 |a Bratislava  |c 2016 
300 |a 47 s. 
100 1 |a Do Thuy, Linh 
700 1 |a Ondriaš, Juraj, 1988- 
710 2 |a Fakulta medzinárodných vzťahov EU. Katedra medzinárodných politických vzťahov